|
|
|
|
| LEADER |
00810nam a22002291a 4500 |
| 020 |
|
|
|a 9780195640045
|c 0.00
|
| 040 |
|
|
|a SSUS - Library - Kalady
|
| 082 |
|
|
|a 333.315 4
|b JEA/D
|
| 100 |
|
|
|a Jean Dreze (ed.)
|
| 245 |
|
|
|a The dam and the nation : displacement and resettlement in the Narmada valley
|h [Text]
|
| 260 |
|
|
|a Kolkata
|b Oxford University Press
|c 1997
|
| 300 |
|
|
|a 339p.
|
| 600 |
|
|
|a Social Sciences
|
| 600 |
|
|
|a Environment
|
| 600 |
|
|
|a Conservation Water
|
| 600 |
|
|
|a Dams
|
| 700 |
|
|
|a Meera Samson (ed.)
|
| 700 |
|
|
|a Satyajit Singh (ed.)
|
| 852 |
|
|
|h 333.315 4
|i JEA/D
|p 024430
|9 495.00
|t 0
|
| 942 |
|
|
|c BK
|
| 999 |
|
|
|c 9809
|d 9809
|
| 952 |
|
|
|0 0
|1 0
|4 0
|6 333_315000000000000_4_JEA_D
|7 0
|9 14363
|a SSUS
|b SSUS
|c STACKS
|d 2015-01-08
|g 495.00
|l 5
|o 333.315 4 JEA/D
|p 024430
|r 2019-08-09
|s 2019-07-22
|v 0.00
|w 2015-01-08
|y BK
|